[Event "UKR-ch sf"]
[Site "Alushta"]
[Date "2011.05.06"]
[Round "4"]
[White "Mischuk, Dmitry"]
[Black "Nosov, Maxim"]
[Result "1-0"]
[WhiteElo "2317"]
[BlackElo "2151"]
[PlyCount "39"]
[EventDate "2011.05.03"]
[EventType "swiss"]
[EventRounds "9"]
[EventCountry "UKR"]
[SourceTitle "CBM 142 Extra"]
[Source "ChessBase"]
[SourceDate "2011.06.27"]
[SourceVersion "1"]
[SourceVersionDate "2011.06.27"]
[SourceQuality "1"]

1. d4 Nf6 2. c4 e6 3. Nc3 b6 4. a3 Bb7 5. d5 d6 6. e4 Nbd7 7. Nge2 Nc5 8. Ng3 Qe7 9. Be2 a5 10. Be3 g6 11. b4 axb4 12. axb4 Rxa1 13. Qxa1 Na6 14. c5 Nxb4 15. Qa4+ Kd8 16. c6 Nxc6 17. dxc6 Bc8 18. Qa8 e5 19. Nd5 Nxd5 20. exd5 1-0

[Event "UKR-chT 15th"]
[Site "Alushta"]
[Date "2008.05.25"]
[Round "6.3"]
[White "Iakymov, Volodymyr"]
[Black "Nosov, Maxim"]
[Result "1/2-1/2"]
[WhiteElo "2434"]
[BlackElo "2183"]
[PlyCount "83"]
[EventDate "2008.05.21"]
[EventType "team-tourn"]
[EventRounds "9"]
[EventCountry "UKR"]
[SourceTitle "EXT 2019"]
[Source "ChessBase"]
[SourceDate "2018.10.10"]
[SourceVersion "1"]
[SourceVersionDate "2018.10.10"]
[SourceQuality "1"]
[WhiteTeam "Cherkasy Etiud"]
[BlackTeam "Simferopol Crimea"]
[WhiteTeamCountry "UKR"]
[BlackTeamCountry "UKR"]

1. e4 c5 2. Nc3 Nc6 3. g3 d6 4. Bg2 g6 5. d3 Bg7 6. Be3 e5 7. Nge2 Nge7 8. f4 0-0 9. 0-0 Rb8 10. Qd2 Be6 11. fxe5 Nxe5 12. h3 f5 13. Bg5 Nf7 14. Be3 Ne5 15. Kh2 Qd7 16. Bh6 Bxh6 17. Qxh6 d5 18. Qf4 N5c6 19. exd5 Nxd5 20. Nxd5 Bxd5 21. Bxd5+ Qxd5 22. Nc3 Qd4 23. Qxd4 Nxd4 24. Rf2 Rbe8 25. a4 Re5 26. Nb5 Rfe8 27. Kg2 Re2 28. c3 Rxf2+ 29. Kxf2 Re2+ 30. Kf1 Rh2 31. Re1 Nxb5 32. axb5 Rxb2 33. c4 Kf7 34. Ra1 a6 35. bxa6 bxa6 36. Rxa6 Rd2 37. Rd6 Ke7 38. Rd5 Ke6 39. h4 h6 40. Kg1 g5 41. h5 g4 42. Kf1 1/2-1/2

[Event "UKR-chT 15th"]
[Site "Alushta"]
[Date "2008.05.22"]
[Round "2.2"]
[White "Nosov, Maxim"]
[Black "Melkumyan, Hrant"]
[Result "0-1"]
[WhiteElo "2183"]
[BlackElo "2534"]
[PlyCount "126"]
[EventDate "2008.05.21"]
[EventType "team-tourn"]
[EventRounds "9"]
[EventCountry "UKR"]
[SourceTitle "EXT 2019"]
[Source "ChessBase"]
[SourceDate "2018.10.10"]
[SourceVersion "1"]
[SourceVersionDate "2018.10.10"]
[SourceQuality "1"]
[WhiteTeam "Simferopol Crimea"]
[BlackTeam "Lwiw Ivan Franko University"]
[WhiteTeamCountry "UKR"]
[BlackTeamCountry "UKR"]

1. e4 e5 2. Nf3 Nc6 3. Bc4 Bc5 4. d3 Nf6 5. c3 a6 6. 0-0 Ba7 7. Be3 d6 8. Bb3 0-0 9. Nbd2 Ne7 10. Bxa7 Rxa7 11. d4 Ng6 12. Re1 Ra8 13. Nc4 Qe7 14. Ne3 Nd7 15. Qd2 Nb6 16. Rad1 Qf6 17. a4 a5 18. Bc2 Nf4 19. g3 Nh5 20. Qe2 g6 21. Rd2 Re8 22. Red1 Bh3 23. Kh1 Re7 24. dxe5 dxe5 25. Ng1 Bd7 26. b3 Ng7 27. f3 h5 28. Kg2 h4 29. Nh3 Qc6 30. Rd3 Bxh3+ 31. Kxh3 hxg3 32. hxg3 Nh5 33. Rd8+ Rxd8 34. Rxd8+ Kg7 35. Qd2 Rd7 36. Rxd7 Nxd7 37. Kg2 Nhf6 38. Bd3 Nc5 39. Bc4 Qb6 40. Nd5 Qd6 41. Qc2 Nxd5 42. Bxd5 c6 43. Bc4 Nd7 44. Qd3 Qe7 45. Qd2 Nc5 46. Qd1 Nd7 47. Qd2 Nf6 48. b4 Qc7 49. Bb3 Nd7 50. Qd3 Nf6 51. Kh2 Nh5 52. Kg2 Qe7 53. Qc4 b5 54. axb5 cxb5 55. Qd5 a4 56. Ba2 a3 57. Qd2 Qc7 58. Qd5 Nf6 59. Qb3 Qd7 60. Kh2 Qd2+ 61. Kh3 Nh7 62. Qxf7+ Kh6 63. Kg4 Qh2 0-1

[Event "UKR-chT 14th"]
[Site "Alushta"]
[Date "2007.04.28"]
[Round "9.1"]
[White "Nosov, Maxim"]
[Black "Romanchuk, Viktor"]
[Result "1-0"]
[WhiteElo "2172"]
[BlackElo "2284"]
[PlyCount "121"]
[EventDate "2007.04.22"]
[EventType "team-tourn"]
[EventRounds "9"]
[EventCountry "UKR"]
[SourceTitle "EXT 2019"]
[Source "ChessBase"]
[SourceDate "2018.10.10"]
[SourceVersion "1"]
[SourceVersionDate "2018.10.10"]
[SourceQuality "1"]
[WhiteTeam "Pavlograd Tura"]
[BlackTeam "Cherkasy Etiud"]
[WhiteTeamCountry "UKR"]
[BlackTeamCountry "UKR"]

1. e4 e6 2. d4 d5 3. Nc3 Nf6 4. Bg5 dxe4 5. Nxe4 Nbd7 6. Bd3 Be7 7. Qe2 h6 8. Bd2 Nxe4 9. Bxe4 Nf6 10. Bd3 Qxd4 11. 0-0-0 Bd7 12. Nf3 Qa4 13. Kb1 0-0-0 14. Ne5 Be8 15. Bc4 Bd6 16. b3 Qa3 17. Bc3 Bxe5 18. Rxd8+ Kxd8 19. Bxe5 Bc6 20. Rd1+ Kc8 21. f3 Qe7 22. h4 Rd8 23. Rxd8+ Qxd8 24. g4 Ne8 25. h5 Qh4 26. f4 Qh1+ 27. Kb2 Qf3 28. g5 Qxe2 29. Bxe2 f6 30. Bd4 b6 31. gxh6 gxh6 32. f5 e5 33. Be3 Be4 34. Bxh6 Bxf5 35. Be3 Kd8 36. c4 Ng7 37. h6 Ne6 38. Bg4 Bh7 39. Bxe6 Ke7 40. Bd5 Kd6 41. Kc3 c6 42. Bf3 f5 43. b4 c5 44. bxc5+ bxc5 45. Bd5 f4 46. Bc1 Ke7 47. a4 Kd6 48. a5 Ke7 49. a6 Kd6 50. Kd2 e4 51. Bb2 Bg6 52. Bg8 e3+ 53. Ke2 Bh5+ 54. Kf1 Bg6 55. Bc1 Bd3+ 56. Ke1 Ke5 57. h7 Bxh7 58. Bxh7 Kd4 59. Bg8 f3 60. Bd5 Kd3 61. Bxf3 1-0

[Event "UKR-chT 14th"]
[Site "Alushta"]
[Date "2007.04.27"]
[Round "8.5"]
[White "Kruglyakov, Pavlo"]
[Black "Nosov, Maxim"]
[Result "1-0"]
[WhiteElo "2281"]
[BlackElo "2172"]
[PlyCount "47"]
[EventDate "2007.04.22"]
[EventType "team-tourn"]
[EventRounds "9"]
[EventCountry "UKR"]
[SourceTitle "EXT 2019"]
[Source "ChessBase"]
[SourceDate "2018.10.10"]
[SourceVersion "1"]
[SourceVersionDate "2018.10.10"]
[SourceQuality "1"]
[WhiteTeam "Kiev Avangard Youth"]
[BlackTeam "Pavlograd Tura"]
[WhiteTeamCountry "UKR"]
[BlackTeamCountry "UKR"]

1. e4 c5 2. Nf3 d6 3. d4 cxd4 4. Nxd4 Nf6 5. Nc3 a6 6. Bg5 e6 7. f4 Be7 8. Qf3 Qc7 9. 0-0-0 Nbd7 10. g4 b5 11. Bxf6 Nxf6 12. g5 Nd7 13. f5 Nc5 14. f6 gxf6 15. gxf6 Bf8 16. a3 Bd7 17. Bh3 0-0-0 18. Qh5 Kb8 19. Kb1 Be8 20. Rhg1 Qb7 21. Rg3 a5 22. Ndxb5 Bxb5 23. Nxb5 Qxb5 24. Rb3 1-0

[Event "UKR-chT 14th"]
[Site "Alushta"]
[Date "2007.04.26"]
[Round "6.4"]
[White "Nosov, Maxim"]
[Black "Kovchan, Alexander"]
[Result "1/2-1/2"]
[WhiteElo "2172"]
[BlackElo "2527"]
[PlyCount "35"]
[EventDate "2007.04.22"]
[EventType "team-tourn"]
[EventRounds "9"]
[EventCountry "UKR"]
[SourceTitle "EXT 2019"]
[Source "ChessBase"]
[SourceDate "2018.10.10"]
[SourceVersion "1"]
[SourceVersionDate "2018.10.10"]
[SourceQuality "1"]
[WhiteTeam "Pavlograd Tura"]
[BlackTeam "Kharkov Law Academy"]
[WhiteTeamCountry "UKR"]
[BlackTeamCountry "UKR"]

1. e4 c5 2. Nf3 d6 3. d4 cxd4 4. Nxd4 Nf6 5. Nc3 a6 6. Be3 e5 7. Nde2 Nbd7 8. f4 b5 9. Ng3 Bb7 10. Be2 b4 11. Nd5 Nxd5 12. exd5 g6 13. 0-0 Bg7 14. f5 Nf6 15. Bf3 0-0 16. Qd2 Qd7 17. Bh6 Ne8 18. Bxg7 1/2-1/2

[Event "UKR-chT 14th"]
[Site "Alushta"]
[Date "2007.04.25"]
[Round "5.4"]
[White "Kolbasin, Alexandr"]
[Black "Nosov, Maxim"]
[Result "1/2-1/2"]
[WhiteElo "2042"]
[BlackElo "2172"]
[PlyCount "133"]
[EventDate "2007.04.22"]
[EventType "team-tourn"]
[EventRounds "9"]
[EventCountry "UKR"]
[SourceTitle "EXT 2019"]
[Source "ChessBase"]
[SourceDate "2018.10.10"]
[SourceVersion "1"]
[SourceVersionDate "2018.10.10"]
[SourceQuality "1"]
[WhiteTeam "Rivne Bisons"]
[BlackTeam "Pavlograd Tura"]
[WhiteTeamCountry "UKR"]
[BlackTeamCountry "UKR"]

1. e4 c5 2. Nf3 d6 3. d4 cxd4 4. Nxd4 Nf6 5. Nc3 a6 6. a4 Qc7 7. Be2 e6 8. 0-0 Nc6 9. Be3 Bd7 10. f4 Rc8 11. Nxc6 Bxc6 12. Bd3 Be7 13. a5 0-0 14. g4 Nd7 15. g5 Nc5 16. Bxc5 dxc5 17. Bc4 Rcd8 18. Qe2 Rd4 19. b3 Rfd8 20. Bd3 e5 21. Qg4 exf4 22. Rxf4 Rxd3 23. cxd3 Rxd3 24. Raf1 Bd7 25. Qh4 Rxc3 26. Rxf7 Be6 27. Rxg7+ Kxg7 28. Qh6+ Kg8 29. Qxe6+ Kh8 30. e5 Qd8 31. Kh1 Bxg5 32. Qf7 Rd3 33. Qxb7 Qd5+ 34. Qxd5 Rxd5 35. Rf8+ Kg7 36. Ra8 Rxe5 37. Rxa6 Bd2 38. Ra7+ Kh6 39. a6 Re6 40. Rd7 Ba5 41. a7 Re8 42. Rd6+ Kg5 43. Ra6 Ra8 44. Rxa5 Kf4 45. Kg2 Ke4 46. Rxc5 Rxa7 47. Kg3 Rb7 48. Rc3 Kf5 49. Rf3+ Kg6 50. Kf2 h5 51. Ke2 Kg5 52. Kd2 Kg4 53. Re3 h4 54. Kc2 h3 55. Rg3+ Kh4 56. Rg1 Rf7 57. Kc3 Rf2 58. Rh1 Kg4 59. b4 Kf3 60. b5 Kg2 61. Rd1 Kxh2 62. b6 Rf7 63. Kc4 Kg2 64. Rd2+ Kg1 65. Kc5 h2 66. Rxh2 Kxh2 67. Kc6 1/2-1/2